000 01192nam a2200241Ia 4500
999 _c51414
_d51414
001 18399
003 GE_BSU
005 20210706135918.0
008 181216s2012||||ge |||||||||||||| ||geo||
020 _a9789941044144
040 _cGE_BSU
041 _ageo
080 _a811.353.1-8(076.3) ხ-96
100 _aხუციშვილი, ვახტანგ
_912199
245 _aსაკომუნიკაციო ქართული :
_bგანმავითარებელი ტესტები ეთნიკური უმცირესობებისთვის ქართულ ენაში /
_cვახტანგ ხუციშვილი ; [რედ. გოჩა ღვინიაშვილი].
264 _aთბილისი :
_bდარბეგი,
_c2012.
300 _a176 გვ.;
_bცხრ. ;
_c29 გვ.
653 _aსაკომუნიკაციო ქართული
653 _aქართული ენა
653 _a ქართული ენის ტესტები
700 _aღვინიაშვილი, გოჩა
_eრედაქტორი
_912200
942 _cBK
_2udc